Vybrané aspekty paralelilázie indukcie poznatkov
Analýza a hodnotenie aspektov výpočtovej technológie v rámci fázy samotného dolovania z údajov a etapy procesu objavovania, kedy dochádza k tvorbe potenciálne použiteľných modelov znalostí. Model znalostí ako primárny výstup procesu objavovania znalostí v databázach. Príspevok vysvetľuje problemati...
Gespeichert in:
| 1. Verfasser: | |
|---|---|
| Format: | Buchkapitel |
| Sprache: | Slowakisch |
| Schlagworte: | |
| Tags: |
Keine Tags, Fügen Sie das erste Tag hinzu!
|
MARC
| LEADER | 00000nla$a2200000$$$4500 | ||
|---|---|---|---|
| 001 | 0114208 | ||
| 005 | 20240502072254.9 | ||
| 041 | 0 | |a slo | |
| 044 | |a SK | ||
| 245 | 1 | 0 | |a Vybrané aspekty paralelilázie indukcie poznatkov |c Kamil Krauspe |
| 520 | |a Analýza a hodnotenie aspektov výpočtovej technológie v rámci fázy samotného dolovania z údajov a etapy procesu objavovania, kedy dochádza k tvorbe potenciálne použiteľných modelov znalostí. Model znalostí ako primárny výstup procesu objavovania znalostí v databázach. Príspevok vysvetľuje problematiku na klasifikačných rozhodovacích stromoch ako forme modelu a algoritme ich získavania. | ||
| 610 | 2 | 0 | |a informatika |
| 610 | 2 | 0 | |a počítače |
| 610 | 2 | 0 | |a báza dát |
| 610 | 2 | 0 | |a technológie informačné |
| 610 | 2 | 0 | |a technológie komunikačné |
| 100 | 1 | |a Krauspe, Kamil | |